Statistics for Aligned US Cities

Click here to take the quiz!

General Stats

  • This quiz has been taken 20 times
  • The average score is 5 of 10

Answer Stats

PopAnswer% Correct
8.4 MillionNew York
100%
400,000Minneapolis
76%
1.55 MillionPhiladelphia
71%
843,000Indianapolis
65%
610,000Oklahoma City
59%
305,000Pittsburgh
47%
448,000Virginia Beach
35%
300,950Anchorage
18%
439,886Colorado Springs
18%
347,000Honolulu
12%

Score Distribution

Percentile by Number Answered

Percent of People with Each Score

Your Score History

You have not taken this quiz